<?xml version="1.0" encoding="UTF-8"?>
<collection xmlns="http://www.loc.gov/MARC21/slim">
<record>
  <controlfield tag="001">1898</controlfield>
  <controlfield tag="005">20160701171655.0</controlfield>
  <datafield tag="037" ind1=" " ind2=" ">
    <subfield code="a">ASTROimport-55</subfield>
  </datafield>
  <datafield tag="100" ind1=" " ind2=" ">
    <subfield code="a">Sauval, A. J.</subfield>
  </datafield>
  <datafield tag="260" ind1=" " ind2=" ">
    <subfield code="c">1992</subfield>
  </datafield>
  <datafield tag="245" ind1=" " ind2=" ">
    <subfield code="a">On the accuracy of CO line positions for high resolution IR stellar spectroscopy</subfield>
  </datafield>
  <datafield tag="520" ind1=" " ind2=" ">
    <subfield code="a">The paper demonstrates the high accuracy of line positions derived from improved sets of Dunham coefficients for the four more abundant isotopic species of carbon monoxide - (C-12)(O-16), (C-13)(O-16), (C-12)(O-18), and (C-12)(O-17) - which are present in the sun and in cool stellar atmospheres. These new spectroscopic constants make it possible to predict very accurate positions of CO lines at any J-values, especially at very high rotational excitation (up to J around 135). Earlier proposed identifications of CO lines at large J-values are checked, and some incorrect identifications in sunspot spectra are found. The present accurate line positions are also compared with predictions from other available sets of molecular constants. It is concluded that the present improved sets of molecular constants are the most appropriate to all problems of high-resolution stellar and solar spectroscopy at any J- and v-values, particularly for synthetic spectra of cool stars. </subfield>
  </datafield>
  <datafield tag="700" ind1=" " ind2=" ">
    <subfield code="a"> Farrenq, R.</subfield>
  </datafield>
  <datafield tag="700" ind1=" " ind2=" ">
    <subfield code="a"> Guelachvili, G.</subfield>
  </datafield>
  <datafield tag="700" ind1=" " ind2=" ">
    <subfield code="a"> Grevesse, N.</subfield>
  </datafield>
  <datafield tag="700" ind1=" " ind2=" ">
    <subfield code="a"> Farmer, C. B.</subfield>
  </datafield>
  <datafield tag="700" ind1=" " ind2=" ">
    <subfield code="a"> Norton, R. H.</subfield>
  </datafield>
  <datafield tag="773" ind1=" " ind2=" ">
    <subfield code="p">Astronomy and Astrophysics</subfield>
    <subfield code="v">265</subfield>
    <subfield code="y">1992</subfield>
    <subfield code="c">355-359</subfield>
  </datafield>
  <datafield tag="856" ind1="4" ind2="2">
    <subfield code="a">http://esoads.eso.org/abs/1992A%26A...265..355S</subfield>
  </datafield>
  <datafield tag="905" ind1=" " ind2=" ">
    <subfield code="a">published in</subfield>
  </datafield>
  <datafield tag="980" ind1=" " ind2=" ">
    <subfield code="a">REFERD</subfield>
  </datafield>
</record>
</collection>